| 000 | 00536nam a22001817a 4500 | ||
|---|---|---|---|
| 003 | CEME | ||
| 005 | 20210628210732.0 | ||
| 008 | 210212b xxu||||| |||| 00| 0 eng d | ||
| 020 | _a0-19-286196-4 | ||
| 040 | _c. | ||
| 082 | _a539.258 KAK | ||
| 100 |
_aThompson, Jennfer Kaku, Michio _980765 |
||
| 245 | _aBeyond einstein the cosmic quest for the theory of the universe | ||
| 260 |
_aNEW YORK _bOXFORD UNIVERSITY PRESS _c1999 |
||
| 300 | _a224P | ||
| 650 |
_aTHEORY OF THE UNIVERSE COSMIC QUEST UNIVERSE _980766 |
||
| 942 |
_cBK _2ddc |
||
| 999 |
_c585652 _d585652 |
||